| 000 | 00761nam a2200217 i 4500 | ||
|---|---|---|---|
| 001 | 105970 | ||
| 003 | ES-MaACL | ||
| 007 | t| | ||
| 008 | 060915s1950 fr ||||1| fre d | ||
| 080 | _a94(470)"1917/21" | ||
| 100 | 1 |
_aTrotsky, Leon, _d1879-1940 _9240350 |
|
| 245 | 1 | 0 |
_aHistoire de la révolution russe. _n, . Tome I, _pLa Révolution de février / _cLéon Trotsky ; traduction de Maurice Parijanine. |
| 250 | _aEd. nouvelle rev. et corr. | ||
| 260 |
_aParis : _bEditions du Seuil, _c[1950] |
||
| 300 |
_a437 p. ; _c23 cm. |
||
| 500 | _aBiblioteca Juan Andrade. | ||
| 651 | 4 |
_aRusia- _xHistoria- _y1917-1921, Revolución. _99336 |
|
| 700 | 1 |
_aParijanine, Maurice. _989128 |
|
| 852 |
_aES-MaACL _jAND-976 _bR.110264 |
||
| 999 |
_c105970 _d105970 |
||